SPOTLIGHT ESSENTIAL MATHEMATICS: LEARNER'S BOOK GRADE 10 (Record no. 216751)
[ view plain ]
| 000 -LEADER | |
|---|---|
| fixed length control field | 00494nam a22001577a 4500 |
| 008 - FIXED-LENGTH DATA ELEMENTS--GENERAL INFORMATION | |
| fixed length control field | 260303b |||||||| |||| 00| 0 eng d |
| 020 ## - INTERNATIONAL STANDARD BOOK NUMBER | |
| International Standard Book Number | 978-9966-57-597-5 |
| 100 ## - MAIN ENTRY--PERSONAL NAME | |
| Personal name | MAKARIO, BEVERLYNE |
| 245 ## - TITLE STATEMENT | |
| Title | SPOTLIGHT ESSENTIAL MATHEMATICS: LEARNER'S BOOK GRADE 10 |
| 260 ## - PUBLICATION, DISTRIBUTION, ETC. | |
| Place of publication, distribution, etc. | NAIROBI |
| Name of publisher, distributor, etc. | SPOTLIGHT PUBLISHERS (EA) LIMITED |
| Date of publication, distribution, etc. | 2025 |
| 300 ## - PHYSICAL DESCRIPTION | |
| Extent | VI, 224P. |
| 650 ## - SUBJECT ADDED ENTRY | |
| Topical term or geographic name entry element | MATHEMATICS-TEXTBOOKS-SECONDARY EDUCATION-KENYA |
| 700 ## - ADDED ENTRY--PERSONAL NAME | |
| Personal name | INONDA, BEVERLINE |
| 942 ## - ADDED ENTRY ELEMENTS (KOHA) | |
| Source of classification or shelving scheme | Library of Congress Classification |
| Koha item type | Long Loan Book |
| Withdrawn status | Lost status | Source of classification or shelving scheme | Damaged status | Not for loan | Collection | Home library | Current library | Date acquired | Inventory number | Total checkouts | Full call number | Barcode | Date last seen | Copy number | Price effective from | Koha item type |
|---|---|---|---|---|---|---|---|---|---|---|---|---|---|---|---|---|
| Library of Congress Classification | Science & Technology | Kisii University Library | Kisii University Library | 03/03/2026 | 112224 | QA 39.2 .M35 2025 V.10 | 000000018115 | 03/03/2026 | 1 | 03/03/2026 | Long Loan Book | |||||
| Library of Congress Classification | Science & Technology | Kisii University Library | Kisii University Library | 03/03/2026 | 112225 | QA 39.2 .M35 2025 V.10 | 000000017464 | 03/03/2026 | 2 | 03/03/2026 | Long Loan Book | |||||
| Library of Congress Classification | Science & Technology | Kisii University Library | Kisii University Library | 03/03/2026 | 112226 | QA 39.2 .M35 2025 V.10 | 000000017913 | 03/03/2026 | 3 | 03/03/2026 | Long Loan Book | |||||
| Library of Congress Classification | Science & Technology | Kisii University Library | Kisii University Library | 03/03/2026 | 112227 | QA 39.2 .M35 2025 V.10 | 000000017201 | 03/03/2026 | 4 | 03/03/2026 | Long Loan Book | |||||
| Library of Congress Classification | Science & Technology | Kisii University Library | Kisii University Library | 03/03/2026 | 112228 | QA 39.2 .M35 2025 V.10 | 000000017326 | 03/03/2026 | 5 | 03/03/2026 | Long Loan Book |